Responses for Show #6707 - Tuesday, November 12, 2013

2013 Teachers Tournament quarterfinal game 2.

Contestants

[<< previous game]

Kati Sorenson, a reading teacher from Omaha, Nebraska

Mary Beth Hammerstrom, a high school social studies teacher from Anchorage, Alaska

Patrick Dillon, an elementary music teacher from Huntington, New York

[next game >>]

Jeopardy! Round responses

GOING EMILY POST‑AL
NOVELS BY CHARACTER
NUMBER, PLEASE
THAT'S TOTALLY HISTORICAL!
8-LETTER WORDS
THE RACE IS TO THE STRONG
    $200 6
knives & spoons

Patrick
    $200 1
Don Quixote

Patrick
    $200 11
eighty-eight

Mary Beth
    $200 13
Catherine the Great

Mary Beth
    $200 18
emigrate

Mary Beth
    $200 23
26.2

Mary Beth
    $400 7
(Alex: Yeah, makes sense, too.)

an umbrella

Mary Beth
    $400 2
The Maltese Falcon

Patrick
    $400 12
five

Patrick
    $400 14
the March on Washington

Mary Beth
    $400 19
sorority

Kati
    $400 24
Death Valley

Mary Beth
    $600 8
Dear Madam President

Patrick
    $600 3
The Grapes of Wrath

Kati
    $600 21
four

Mary Beth
    $600 15
(Patrick Dillon's class at Munsey Park Elementary School: Good luck, Mr. Dillon, on the Jeopardy! Teachers Tournament.)
[Cheers and applause]

Caesar Augustus

Mary Beth
    $600 20
backspin

Patrick
    $600 25
the Atacama desert

Patrick
    $800 9
using caps locks

Patrick
    $800 4
(Mary Beth: What is... The Once and Future King?)

A Connecticut Yankee in King Arthur's Court

Mary Beth
Triple Stumper
    $800 22
(Mary Beth: What's a thousand?)

a billion

Mary Beth
Triple Stumper
    $800 16
the Articles of the Confederation

Kati
    $800 28
a pamphlet

Mary Beth
    $800 26
(Mary Beth: What is Baltimore?)

Annapolis

PatrickMary Beth
    $1000 10
debutantes

Kati
    $1000 5
One Flew Over the Cuckoo's Nest

Mary Beth
    $1,400 27
sixteen

Patrick
    $1000 17
the Battle of Bosworth Field

Patrick
    $1000 29
a kerchief

Patrick
    $1000 30
(Mary Beth Hammerstrom's students at A.J. Dimond High School: We say "Hammer," then you say "strom"! Hammer! Strom! Hammer! Strom! Go-o-o-o, Miss Hammerstrom!)
[Cheers and applause]

James Earl Ray

Triple Stumper

Scores at the first commercial break (after clue 15):

Patrick Mary Beth Kati
$2,600 $2,000 $1,600

Scores at the end of the Jeopardy! Round:

Patrick Mary Beth Kati
$8,000 $2,600 $2,800

Double Jeopardy! Round responses

YOUR MYTHIC ABCs
TEACHING THE TEACHERS
QUOTABLE QUOTES
VOLCANOES
ACTORS PLAYING WRITERS
CROSSWORD CLUES "F"
    $400 2
Ares

Patrick
    $400 21
NYU

Patrick
    $400 1
(Alexander Graham) Bell

Patrick
    $400 11
New Zealand

Mary Beth
    $400 16
(Edgar Allan) Poe

Mary Beth
    $400 26
frisk

Kati
    $800 3
Cupid

Kati
    $800 22
the Common Core State Standards

Mary Beth
    $800 7
Rodney King

Mary Beth
    $800 12
the Minoan civilization

Patrick
    $800 17
Harper Lee

Patrick
    $800 27
flammable

Kati
    $1200 4
Balder

Mary Beth
    $1200 23
Vanderbilt

Kati
    $1200 8
Steve Jobs

Mary Beth
    $1200 13
(Patrick: What is Mauna Loa?)

Kilauea

PatrickMary Beth
    $1200 18
Kathy Bates

Mary Beth
    $1200 28
facelift

Mary Beth
    $1,000 5
(Mary Beth: Who is the Kraken?)

Charybdis

Mary Beth
    $1600 24
Normal

Mary Beth
    $2,000 9
(Alex: You said it so slowly it is as if you were on Wheel of Fortune instead of Jeopardy!)

"Tear down this wall"

Mary Beth
    $1600 14
Bali

Triple Stumper
    $1600 19
Nicole Kidman

Patrick
    $1600 29
(Kati: What is fortnight?... Fortnights?)

fortnightly

Mary BethKati
    $2000 6
Baal

Patrick
    $2000 25
John Dewey

Triple Stumper
    $2000 10
(Jim) Lovell

Patrick
    $2000 15
Popocatépetl

Triple Stumper
    $2000 20
Hemingway

Patrick
    $2000 30
falconer

Patrick

Scores at the end of the Double Jeopardy! Round:

Patrick Mary Beth Kati
$19,200 $15,200 $4,400

Final Jeopardy! Round responses

HISTORIC OBJECTS
(Alex: And if you're tall enough to see over the crowds, you can spot it in the British Museum.)
KatiWhat is King Tut's tomb??
$4,001
Mary BethWhat is the Rosetta Stone?
$4,800
PatrickWhat is the Rosetta Stone?
$7,502
the Rosetta Stone

Final scores:

Patrick Mary Beth Kati
$26,702 $20,000 $399
Automatic semifinalist 2nd place: $5,000 if eliminated 3rd place: $5,000 if eliminated

Game dynamics:

Coryat scores:

Patrick Mary Beth Kati
$18,800 $15,800 $4,400
22 R
(including 1 DD),
1 W
23 R
(including 1 DD),
4 W
(including 1 DD)
8 R,
1 W

Combined Coryat: $39,000

[game clues] [game scores] [suggest correction]

Game tape date: 2013-10-22
The J! Archive is created by fans, for fans. Scraping, republication, monetization, and malicious use prohibited; this site may use cookies and collect identifying information. See terms. The Jeopardy! game show and all elements thereof, including but not limited to copyright and trademark thereto, are the property of Jeopardy Productions, Inc. and are protected under law. This website is not affiliated with, sponsored by, or operated by Jeopardy Productions, Inc. Join the discussion at JBoard.tv.